000 00993nmm a2200313 a 4500
001 ocm000596729
003 TR-IsHL
005 20201028131543.0
008 131028s2011 tu tur
007 cr cn
020 _a9786054429974
035 _a596729
_b(N$T)
050 0 4 _aBF637.N66
_bD88 2011
090 0 4 _aBF637.N66
_bD88 2011
100 1 _aDutta, Ashish
245 1 0 _aBeden dili
_h[electronic resource] /
_cAshish Dutta ; çev. Ali Beyaz
250 _a1. bs.
260 _aİstanbul :
_bArunas Yayıncılık,
_c2011
300 _a96 p.
650 4 _aFelsefe, Psikoloji ve Din
650 4 _aPhilosophy, Psychology and Religion
650 0 _aBeden dili
650 0 _aBody language
650 0 _aSözsüz iletişim
650 0 _aNon-verbal communication
650 7 _aSOCIAL SCIENCE / Body Language & Nonverbal Communication
_2bisacsh
700 1 _aBeyaz, Ali
856 4 0 _uhttp://search.ebscohost.com/login.aspx?direct=true&scope=site&db=e011xww&AN=596729
999 _c4626
_d4626